Bundesliga Torschützen 2025/2026 - Statistiken

Allgemein
  • Dieses Quiz wurde 79 mal gespielt
  • Das Durchschnittsergebnis liegt bei 13 aus 17
Antwortstatistiken
Tore Verein Spieler % Korrekt
36 FC Bayern München Harry Kane
100%
19 VfB Stuttgart Deniz Undav
99%
15 FC Bayern München Michael Olise
96%
15 FC Bayern München Luis Díaz
95%
16 Bayer 04 Leverkusen Patrik Schick
95%
17 Borussia Dortmund Serhou Guirassy
93%
14 TSG 1899 Hoffenheim Andrej Kramarić
89%
13 Borussia Mönchengladbach Haris Tabakovic
81%
13 1. FC Köln Saïd El Mala
74%
12 VfB Stuttgart Ermedin Demirović
69%
13 Eintracht Frankfurt Jonathan Burkardt
69%
12 1. FSV Mainz 05 Nadiem Amiri
68%
10 SV Werder Bremen Jens Stage
66%
12 RB Leipzig Yan Diomande
65%
13 RB Leipzig Christoph Baumgartner
58%
10 TSG 1899 Hoffenheim Fisnik Asllani
57%
11 SC Freiburg Igor Matanović
47%
Keine übereinstimmenden Quizze gefunden
Verteilung der Resultate
Anzahl Personen mit jedem Resultat
Perzentil nach korrekt beantworteten Fragen
Ihre Resultats-Entwicklung
Sie haben dieses Quiz noch nicht gespielt